| 000 | 01341nam a2200265Ia 4500 | ||
|---|---|---|---|
| 003 | Ost | ||
| 005 | 20260507074914.0 | ||
| 008 | 260507s9999||||xx |||||||||||||| ||und|| | ||
| 020 | _a9957121367 | ||
| 040 | _cfsecg | ||
| 041 | _aara | ||
| 082 | _a658.7 | ||
| 100 |
_aهادي، هادي سعيد _eمؤلف |
||
| 245 | 0 |
_aإدارة الأبنية والمعدات المخزنية / _c هادي سعيد هادي |
|
| 260 |
_aعمان: _bدار اليازوري العلمية للنشر والتوزيع, _c2008 |
||
| 300 |
_a320 صفحة؛ _bإيضاحات ؛ _c25 سم |
||
| 504 | _aببليوغرافيا: ص.319 | ||
| 520 | _aادارة الأبنية والمعدات المخزنية، سياسة التمليك والتأجير، الموقع الجغرافي للمخازن والمستودعات، التخطيط لانشاء المخازن، المباني المخزنية، التصميم الداخلي للمخازن، معدات التخزينن النقل والمناولة، التعبئة والتغليف، الوقاية والأمان في العمليات المخزنية | ||
| 653 | _aالادارة | ||
| 653 | _aالتخطيط | ||
| 653 | _aالمباني | ||
| 700 |
_aالحديثي، سلمان _eمؤلف ثانوي |
||
| 700 |
_aلويس، فوزي _eمؤلف ثانوي |
||
| 942 | _cكتاب | ||
| 999 |
_c41759 _d41759 |
||